El Códice de Cualac : láminas /
El Códice de Cualac es posthispánico, probablemente de fines del siglo XVI. Parece ser parte de un título de tierras pertenecientes a un pueblo de habla nahua.
保存先:
| フォーマット: | 画像 |
|---|---|
| 主題: | |
| タグ: |
タグなし, このレコードへの初めてのタグを付けませんか!
|
MARC
| LEADER | 00000nkm^a2200000^a^4500 | ||
|---|---|---|---|
| 001 | 000097275 | ||
| 005 | 20250526000000.0 | ||
| 009 | 20260310093012.45 | ||
| 037 | |a Acervo ITESO - Biblioteca | ||
| 041 | |a GRA | ||
| 082 | |a 972. 01 |b COD CUA V. 1 | ||
| 240 | 1 | 1 | |a [Códice Cototolapan] |
| 240 | 1 | 1 | |a [Códice de Cualac] |
| 245 | 1 | 3 | |a El Códice de Cualac : |b láminas / |
| 264 | |a México : |b INAH, |c 1958 | ||
| 300 | |a 1 v. (4 láminas) ; |c 24.0 cm. (sobre) | ||
| 520 | |a El Códice de Cualac es posthispánico, probablemente de fines del siglo XVI. Parece ser parte de un título de tierras pertenecientes a un pueblo de habla nahua. | ||
| 649 | |a XX | ||
| 650 | |a Códices Prehispánicos - |z México | ||
| 650 | |a Nahuas - |x Historia | ||
| 650 | |a Indígenas de México - |x Historia | ||
| 650 | |a México - |x Historia - |y Epoca Prehispánica | ||
| 910 | |a Fondo Salvador Reynoso Reynoso | ||
| 920 | |a Gráficos - Pinturas, Grabados e Ilustraciones | ||
| 930 | |a Libros Antiguos y Raros | ||
| 905 | |a 108 | ||
| 901 | |a 0500026921 |b IT2 |c LRA |u 20250526 | ||
| 901 | |a 0500026922 |b IT2 |c LRA |u 20250526 | ||
| 901 | |a 0500026923 |b IT2 |c LRA |u 20250526 | ||
| 901 | |a 0500026924 |b IT2 |c LRA |u 20250526 | ||
| 902 | |a https://opac.biblio.iteso.mx/vufind/Record/000097275 | ||